|
|
|
|
| LEADER |
00000nam a22000007a 4500 |
| 005 |
20200720220254.0 |
| 007 |
cr|||| ||| |
| 008 |
200720s2012 br |||||s|||| 00||0 por d |
| 020 |
|
|
|a 978-85-89917-94-0
|
| 035 |
|
|
|a 31812
|
| 040 |
|
|
|a vLex
|
| 090 |
|
|
|c 10641
|d 10641
|
| 100 |
1 |
|
|a de Castro Rodrigues, Gilberto
|
| 245 |
1 |
0 |
|a Da Alma do Direito ou a Psicologia do Direito
|h [Recurso electrn̤ico] /
|c Gilberto de Castro Rodrigues
|
| 256 |
|
|
|a Servicio en ln̕ea
|
| 260 |
|
|
|a San Pablo:
|b Letras Jurídicas Editora,
|c 2012
|
| 300 |
|
|
|a 1 recurso electrn̤ico
|
| 500 |
|
|
|a Eu quase nada sei. Mas desconfio de muita coisa. O senhor me concedendo, eu digo: para pensar longe sou cô mestre - o senhor solte ̉minha frente uma ideia ligeira, eu rastreio essa por fundo de todos os matos, amm̌!
|
| 506 |
1 |
|
|a Disponible solo en los productos indicados
|d vLex Global
|d vLex Global (Academic Edition, excluding Law Schools)
|d vLex Global (U.S. Academic Edition, Law Schools)
|d vLex Global (U.S. Academic Edition, excluding Law Schools)
|d vLex Global (Academic Edition, Law Schools)
|
| 650 |
0 |
4 |
|a Derecho Pb︢lico y Administrativo
|z Brasil
|
| 650 |
0 |
4 |
|a Psicologa̕
|z Brasil
|
| 740 |
0 |
|
|a vLex Libros (Servicio en ln̕ea)
|
| 856 |
4 |
0 |
|u http://vlex.com/source/alma-do-direito-ou-a-psicologia-do-direito-31812
|z Acceso restringido
|
| 942 |
|
|
|c BOOK
|
| 999 |
0 |
|
|a Public and Administrative Law
|
| 999 |
0 |
|
|a Psychology
|